| 000 | 009580000a22002050004500 | ||
|---|---|---|---|
| 020 | _a84-8055-482-7 | ||
| 041 | 0 | _aSPA | |
| 082 | 0 | 4 | _aG 370.1 V732m |
| 100 | 1 | _aVillegas, Octavio | |
| 245 | 1 | 0 | _aLa enciclopedia práctica del docente / Octavio Villegas |
| 260 | _aMadrid, España : Cultural | ||
| 300 | _a312 p. | ||
| 505 | 0 | 0 | _aEl docente -- Proceso de enseñanza-aprendizaje -- problemas de aprendizaje -- Psicología del desarrollo en la educación -- Organización de la labor docente en la actividad educativa -- Material educativo -- Evaluación educativa -- Currículo diversificado -- Los centros educativos rurales -- Psicología del aprendizaje cognitivo |
| 650 | 1 | 4 | _aDESARROLLO INFANTIL \ PSICOPEDAGOGIA \ FORMACIÓN DE DOCENTES \ EDUCACION - ENSEÑANZA \ APRENDIZAJE \ EDUCACION DE NIÑOS |
| 001 | 9833 | ||
| 942 | _cBK | ||
| 999 |
_c39680 _d39680 |
||
| 336 |
_atexto _btxt _2rdacontent |
||
| 337 |
_2rdamedia _asin mediación _bn |
||
| 338 |
_2rdacarrier _avolumen _bnc |
||